000 00332nam a2200133Ia 4500
008 230511s2004 xx 000 0 und d
041 _aeng
082 _a344.01
100 _aPatel D A
245 _aLaw of Industrial Disputes
260 _aPune
_bHind Law House
_c2004
300 _a275
906 _a Labour and Industrial Laws
999 _c351490
_d351490